Clubs de football et leurs Villes - Statistiques

Statistiques générales
  • Ce quiz a été pris 127 fois
    117 depuis la dernière actualisation
  • Le résultat moyen est 28 sur 40
Statistiques - réponses
Club Ville % Correct
Arsenal FC Londres
100%
Tottenham Hotspur Londres
98%
Celtic FC Glasgow
96%
Galatasaray SK Istanbul
94%
Chelsea FC Londres
94%
Rangers FC Glasgow
93%
Sporting CP Lisbonne
93%
SS Lazio Rome
93%
Hertha BSC Berlin
90%
SL Benfica Lisbonne
88%
West Ham United Londres
88%
Boca Juniors Buenos Aires
86%
Fenerbahçe SK Istanbul
86%
Real Betis Seville
86%
Beşiktaş JK Istanbul
85%
Panathinaikos Athènes
84%
RCD Espanyol Barcelone
83%
River Plate Buenos Aires
82%
ACF Fiorentina Florence
79%
Everton FC Liverpool
78%
SE Palmeiras São Paulo
70%
Aston Villa Birmingham
68%
UC Sampdoria Gênes
68%
Botafogo FR Rio de Janeiro
67%
CR Flamengo Rio de Janeiro
67%
Al-Hilal SFC Riyad
65%
Rayo Vallecano Madrid
63%
Fluminense FC Rio de Janeiro
63%
SC Corinthians São Paulo
60%
Real Sociedad San Sebastián
58%
Ferencváros TC Budapest
55%
Club América Mexico
51%
Levante UD Valence
48%
Al Ahly SC Le Caire
41%
CA Peñarol Montevideo
40%
CA Osasuna Pampelune
37%
Schalke 04 Gelsenkirchen
34%
Nacional Montevideo
31%
Cruzeiro EC Belo Horizonte
20%
SC Internacional Porto Alegre
16%
Aucun quiz correspondant
Distribution des résultats
% des personnes avec chaque résultat
Percentile par nombre de réponses
Votre historique - résultats
Vous n’avez pas pris ce quiz depuis la dernière actualisation